Chronicle of the 20th Century (Record no. 10135)

MARC details
000 -LEADER
fixed length control field 00412nam a2200157 a 4500
020 ## - INTERNATIONAL STANDARD BOOK NUMBER
ISBN 1872031
082 00 - DEWEY DECIMAL CLASSIFICATION NUMBER
Classification number 909.02
100 ## - MAIN ENTRY--AUTHOR NAME
Author name Mercer, Derrik
245 ## - TITLE STATEMENT
Title Chronicle of the 20th Century
260 ## - PUBLICATION, DISTRIBUTION, ETC. (IMPRINT)
Place of publication France
Name of publisher Jacques Legrand S a Int. Publishing
Year of publication 1993
300 ## - PHYSICAL DESCRIPTION
Number of Pages 1456p
500 ## - GENERAL NOTE
General note includes index and biblioraphy
505 2# - FORMATTED CONTENTS NOTE
Formatted contents note Index, Bible Maps
650 ## - SUBJECT ADDED ENTRY--TOPICAL TERM
Topical Term Chronicle-20th Century
942 ## - ADDED ENTRY ELEMENTS (KOHA)
Koha item type Books
Holdings
Home library Current library Shelving location Date acquired Cost, normal purchase price Full call number Accession Number Koha item type
Henry Martyn Institute Library Henry Martyn Institute Library Reference 06/05/2007 2956.30 909.02 MER 015439 Books
                   Copyright © 2026 | Henry Martyn Institute | Hyderabad | TS-500052 | INDIA | Implemented by hmi.edu.in
Hit-Count:

Powered by Koha